<?xml version="1.0" encoding="UTF-8"?>
<record
    xmlns:xsi="http://www.w3.org/2001/XMLSchema-instance"
    xsi:schemaLocation="http://www.loc.gov/MARC21/slim http://www.loc.gov/standards/marcxml/schema/MARC21slim.xsd"
    xmlns="http://www.loc.gov/MARC21/slim">

  <leader>01247nam a2200301 a 4500</leader>
  <controlfield tag="001">C01486775c-6</controlfield>
  <controlfield tag="003">CO-ViMGA</controlfield>
  <controlfield tag="005">20230915234540.0</controlfield>
  <controlfield tag="008">150723s2013    ck     gr     00010 spa d</controlfield>
  <datafield tag="020" ind1=" " ind2=" ">
    <subfield code="a">9789585816725</subfield>
  </datafield>
  <datafield tag="040" ind1=" " ind2=" ">
    <subfield code="a">CO-ViMGA</subfield>
    <subfield code="b">spa</subfield>
    <subfield code="c">CO-ViMGA</subfield>
  </datafield>
  <datafield tag="043" ind1=" " ind2=" ">
    <subfield code="a">s-ck---</subfield>
  </datafield>
  <datafield tag="045" ind1=" " ind2=" ">
    <subfield code="a">x7y1</subfield>
  </datafield>
  <datafield tag="082" ind1="0" ind2="4">
    <subfield code="a">364.154 </subfield>
    <subfield code="b">C35h </subfield>
    <subfield code="2">21</subfield>
  </datafield>
  <datafield tag="110" ind1="2" ind2=" ">
    <subfield code="a">Centro Nacional de Memoria Hist&#xF3;rica.</subfield>
    <subfield code="9">7181</subfield>
  </datafield>
  <datafield tag="245" ind1="1" ind2="3">
    <subfield code="a">Huellas y rostros de la desaparici&#xF3;n forzada (1970-2010) / </subfield>
    <subfield code="c">Centro Nacional de Memoria Hist&#xF3;rica.</subfield>
  </datafield>
  <datafield tag="260" ind1=" " ind2=" ">
    <subfield code="a">Bogot&#xE1; : </subfield>
    <subfield code="b">Centro Nacional de Memoria Hist&#xF3;rica, </subfield>
    <subfield code="c">2013.</subfield>
  </datafield>
  <datafield tag="300" ind1=" " ind2=" ">
    <subfield code="a">449 p&#xE1;ginas ; </subfield>
    <subfield code="c">23 cm.</subfield>
  </datafield>
  <datafield tag="490" ind1="1" ind2=" ">
    <subfield code="a">Memoria hist&#xF3;rica ; </subfield>
    <subfield code="v">2</subfield>
  </datafield>
  <datafield tag="500" ind1=" " ind2=" ">
    <subfield code="a">Incluye bibliograf&#xED;as.</subfield>
  </datafield>
  <datafield tag="650" ind1="1" ind2="4">
    <subfield code="a">Desaparici&#xF3;n forzada (Delito)</subfield>
    <subfield code="z"> Colombia</subfield>
    <subfield code="y"> 1970-2011</subfield>
    <subfield code="v"> Estudio de casos.</subfield>
    <subfield code="9">9853</subfield>
  </datafield>
  <datafield tag="650" ind1="1" ind2="4">
    <subfield code="a">Desplazamiento forzado</subfield>
    <subfield code="z"> Colombia</subfield>
    <subfield code="y"> 1970-2011</subfield>
    <subfield code="v"> Estudio de casos.</subfield>
    <subfield code="9">9851</subfield>
  </datafield>
  <datafield tag="650" ind1="1" ind2="4">
    <subfield code="a">Desplazamiento forzado</subfield>
    <subfield code="z"> Colombia</subfield>
    <subfield code="y"> 1970-2011</subfield>
    <subfield code="v"> Informes.</subfield>
    <subfield code="9">9852</subfield>
  </datafield>
  <datafield tag="650" ind1="1" ind2="4">
    <subfield code="a">Personas desaparecidas</subfield>
    <subfield code="z"> Colombia</subfield>
    <subfield code="y"> 1970-2011</subfield>
    <subfield code="v"> Estudio de casos.</subfield>
    <subfield code="9">9850</subfield>
  </datafield>
  <datafield tag="650" ind1="1" ind2="4">
    <subfield code="a">Personas desaparecidas</subfield>
    <subfield code="z"> Colombia</subfield>
    <subfield code="y"> 1970-2011</subfield>
    <subfield code="v"> Informes.</subfield>
    <subfield code="9">9848</subfield>
  </datafield>
  <datafield tag="650" ind1="1" ind2="4">
    <subfield code="a">V&#xED;ctimas de la violencia</subfield>
    <subfield code="z"> Colombia</subfield>
    <subfield code="y"> 1970-2011</subfield>
    <subfield code="v"> Informes.</subfield>
    <subfield code="9">9849</subfield>
  </datafield>
  <datafield tag="942" ind1=" " ind2=" ">
    <subfield code="2">ddc</subfield>
    <subfield code="c">BK</subfield>
  </datafield>
  <datafield tag="999" ind1=" " ind2=" ">
    <subfield code="c">11794</subfield>
    <subfield code="d">11794</subfield>
  </datafield>
  <datafield tag="952" ind1=" " ind2=" ">
    <subfield code="0">0</subfield>
    <subfield code="1">0</subfield>
    <subfield code="2">ddc</subfield>
    <subfield code="4">0</subfield>
    <subfield code="7">0</subfield>
    <subfield code="8">001</subfield>
    <subfield code="a">MEVIGACOM</subfield>
    <subfield code="b">MEVIGACOM</subfield>
    <subfield code="d">2017-06-20</subfield>
    <subfield code="l">0</subfield>
    <subfield code="o">364.154 C35h </subfield>
    <subfield code="p">32239</subfield>
    <subfield code="r">2017-06-20 00:00:00</subfield>
    <subfield code="t">Ej. 2</subfield>
    <subfield code="w">2017-06-20</subfield>
    <subfield code="y">BK</subfield>
  </datafield>
  <datafield tag="952" ind1=" " ind2=" ">
    <subfield code="0">0</subfield>
    <subfield code="1">0</subfield>
    <subfield code="2">ddc</subfield>
    <subfield code="4">0</subfield>
    <subfield code="7">0</subfield>
    <subfield code="8">002</subfield>
    <subfield code="a">MEVIECAR</subfield>
    <subfield code="b">MEVIECAR</subfield>
    <subfield code="d">2017-06-20</subfield>
    <subfield code="l">0</subfield>
    <subfield code="o">364.154 C35h </subfield>
    <subfield code="p">32238</subfield>
    <subfield code="r">2017-06-20 00:00:00</subfield>
    <subfield code="t">Ej. 1</subfield>
    <subfield code="w">2017-06-20</subfield>
    <subfield code="y">BK</subfield>
  </datafield>
</record>
